<?xml version="1.0" encoding="UTF-8"?>
<record
    xmlns:xsi="http://www.w3.org/2001/XMLSchema-instance"
    xsi:schemaLocation="http://www.loc.gov/MARC21/slim http://www.loc.gov/standards/marcxml/schema/MARC21slim.xsd"
    xmlns="http://www.loc.gov/MARC21/slim">

  <leader>00990nam a2200241 a 4500</leader>
  <controlfield tag="001">62068</controlfield>
  <controlfield tag="003">BD-RjUL</controlfield>
  <controlfield tag="005">20211209081035.0</controlfield>
  <controlfield tag="008">170122s1999    ii ||||| |||| 00| 0 ben d</controlfield>
  <datafield tag="020" ind1=" " ind2=" ">
    <subfield code="c">: IRs 60.00 </subfield>
  </datafield>
  <datafield tag="035" ind1=" " ind2=" ">
    <subfield code="a">(BD-RjUL)62193</subfield>
  </datafield>
  <datafield tag="040" ind1=" " ind2=" ">
    <subfield code="a">BD-RjUL</subfield>
    <subfield code="b">ben </subfield>
    <subfield code="c">BD-RjUL</subfield>
  </datafield>
  <datafield tag="041" ind1=" " ind2=" ">
    <subfield code="a">ben </subfield>
  </datafield>
  <datafield tag="082" ind1=" " ind2=" ">
    <subfield code="2">23</subfield>
    <subfield code="a">491.25 </subfield>
    <subfield code="b">MAB 1999 </subfield>
  </datafield>
  <datafield tag="100" ind1=" " ind2=" ">
    <subfield code="a">&#x9AE;&#x9B9;&#x9BE;&#x9AE;&#x9C1;&#x9A8;&#x9BF;-&#x9AA;&#x9CD;&#x9B0;&#x9BE;&#x9A3;&#x9BF;&#x9A8;&#x9BF;-&#x9AA;&#x9CD;&#x9B0;&#x9A3;&#x9C0;&#x9A4;&#x9AE; </subfield>
    <subfield code="9">184633</subfield>
  </datafield>
  <datafield tag="245" ind1="1" ind2="0">
    <subfield code="a">&#x9AC;&#x9C8;&#x9A6;&#x9BF;&#x995;&#x9AC;&#x9CD;&#x9AF;&#x9BE;&#x995;&#x9B0;&#x9A3;&#x9AE; / </subfield>
    <subfield code="c">&#x9AE;&#x9B9;&#x9BE;&#x9AE;&#x9C1;&#x9A8;&#x9BF;-&#x9AA;&#x9CD;&#x9B0;&#x9BE;&#x9A3;&#x9BF;&#x9A8;&#x9BF;-&#x9AA;&#x9CD;&#x9B0;&#x9A3;&#x9C0;&#x9A4;&#x9AE; </subfield>
  </datafield>
  <datafield tag="260" ind1=" " ind2=" ">
    <subfield code="a">&#x995;&#x9B2;&#x9BF;&#x995;&#x9BE;&#x9A4;&#x9BE; :</subfield>
    <subfield code="b">&#x9B8;&#x982;&#x9B8;&#x9CD;&#x995;&#x9C3;&#x9A4; &#x9AA;&#x9C1;&#x9B8;&#x9CD;&#x9A4;&#x995; &#x9AD;&#x9BE;&#x9A3;&#x9CD;&#x9A1;&#x9BE;&#x9B0;, </subfield>
    <subfield code="c">&#x9E7;&#x9EF;&#x9EF;&#x9EF; </subfield>
  </datafield>
  <datafield tag="300" ind1=" " ind2=" ">
    <subfield code="a">&#x9AC;&#x9BF;&#x9AD;&#x9BF;&#x9A8;&#x9CD;&#x9A8; &#x9AA;&#x9C3;. ; </subfield>
    <subfield code="c">&#x9E7;&#x9ED; &#x9B8;&#x9C7;&#x9AE;&#x9BF;. </subfield>
  </datafield>
  <datafield tag="650" ind1=" " ind2=" ">
    <subfield code="a">&#x9B8;&#x982;&#x9B8;&#x9CD;&#x995;&#x9C3;&#x9A4; &#x9AC;&#x9CD;&#x9AF;&#x9BE;&#x995;&#x9B0;&#x9A3; </subfield>
    <subfield code="9">172105</subfield>
  </datafield>
  <datafield tag="650" ind1=" " ind2=" ">
    <subfield code="a">Sanskrit Grammar. </subfield>
    <subfield code="9">184634</subfield>
  </datafield>
  <datafield tag="700" ind1=" " ind2=" ">
    <subfield code="a">&#x9B6;&#x9CD;&#x9AF;&#x9BE;&#x9AE;&#x9BE;&#x99A;&#x9B0;&#x9A3;&#x995;&#x9AC;&#x9BF;&#x9B0;&#x9A4;&#x9CD;&#x9A8;&#x9C7;&#x9A8;, &#x9B8;&#x9AE;&#x9CD;&#x9AA;&#x9BE;&#x9A6;&#x995; </subfield>
    <subfield code="9">184635</subfield>
  </datafield>
  <datafield tag="942" ind1=" " ind2=" ">
    <subfield code="2">ddc</subfield>
    <subfield code="c">BK</subfield>
  </datafield>
  <datafield tag="999" ind1=" " ind2=" ">
    <subfield code="c">62068</subfield>
    <subfield code="d">62068</subfield>
  </datafield>
  <datafield tag="952" ind1=" " ind2=" ">
    <subfield code="0">0</subfield>
    <subfield code="1">0</subfield>
    <subfield code="2">ddc</subfield>
    <subfield code="4">0</subfield>
    <subfield code="7">1</subfield>
    <subfield code="8">NFIC</subfield>
    <subfield code="a">RUCL</subfield>
    <subfield code="b">RUCL</subfield>
    <subfield code="c">Reading</subfield>
    <subfield code="d">2008-04-16</subfield>
    <subfield code="e">Md. Shariful Islam. </subfield>
    <subfield code="g">60.00</subfield>
    <subfield code="l">0</subfield>
    <subfield code="o">B 491.25  MAB 1999</subfield>
    <subfield code="r">2017-01-22 00:00:00</subfield>
    <subfield code="t">C-1</subfield>
    <subfield code="w">2017-01-22</subfield>
    <subfield code="y">BK</subfield>
  </datafield>
</record>
